000 01267nam a22003134a 4500
001 ebr10006826
003 CaPaEBR
006 m u
007 cr cn|||||||||
008 010402s2002 nyua sb 001 0 eng
010 _z 2001035050
020 _z0521411262
040 _aCaPaEBR
_cCaPaEBR
035 _a(OCoLC)56129986
050 1 4 _aQC793.5.N4628
_bS47 2002eb
082 0 4 _a539.7/213
_221
100 1 _aShirane, G.
245 1 0 _aNeutron scattering with a triple-axis spectrometer
_h[electronic resource] :
_bbasic techniques /
_cGen Shirane, Stephen M. Shapiro, and John M. Tranquada.
260 _aNew York :
_bCambridge University Press,
_cc2002.
300 _ax, 273 p. :
_bill.
504 _aIncludes bibliographical references and index.
533 _aElectronic reproduction.
_bPalo Alto, Calif. :
_cebrary,
_d2013.
_nAvailable via World Wide Web.
_nAccess may be limited to ebrary affiliated libraries.
650 0 _aNeutrons
_xScattering.
655 7 _aElectronic books.
_2local
700 1 _aShapiro, S. M.
_q(Stephen M.),
_d1941-
700 1 _aTranquada, John M.,
_d1955-
710 2 _aebrary, Inc.
856 4 0 _uhttp://site.ebrary.com/lib/rucke/Doc?id=10006826
_zAn electronic book accessible through the World Wide Web; click to view
999 _c15352
_d15352